Esperando a los bárbaros (Registro nro. 91805)

Detalles MARC
000 -ENCABEZADO
Número de control [NR] 00935nam a22002537a 4500
008 - DE LONGITUD FIJA DE DATOS DE ELEMENTOS - INFORMACIÓN GENERAL
Elementos de longitud fija [NR] 130821s2003 sp gr spa
020 ## - NUMERO INTERNACIONAL NORMALIZADO PARA LIBROS [R]
Número Internacional Normalizado del libro [NR] 8497593359
040 ## - FUENTE DE CATALOGACION [NR]
Agencia de catalogación original [NR] Co-BoUCM
Quien Cataloga
Quien Clasifica
Idioma de catalogación [NR] spa
041 00 - CODIGO DE IDIOMA [R]
Código de idioma para texto/pista de sonido o título separado [R] Español
100 1# - ASIENTO PRINCIPAL--NOMBRE PERSONAL [NR]
Nombre personal [NR] Coetzee. J.M.
Fechas asociadas con el nombre [NR] 1940 -
ID Autoridad 32721
245 10 - MENCION DE TITULO [NR]
Título [NR] Esperando a los bárbaros
Mención de responsabilidad, etc. [NR] J.M. Coetzee ; traducción Concha Manella y Luis Martínez Victorio
260 ## - PUBLICACION, DISTRIBUCION, ETC. (PIE DE IMPRENTA) [R]
Lugar de publicación, distribución, etc. [R] Barcelona (España)
Nombre del editor, distribuidor, etc. [R] Mandadori
Fecha de publicación, distribución, etc. [R] 2003
300 ## - DESCRIPCION FISICA [R]
Extensión [R] 223 páginas
490 #0 - MENCION DE SERIE [R]
Mención de serie [R] Debolsillo
-- Contemporánea
Designación numérica/secuencial del volumen [NR] 342/2
650 04 - ASIENTO SECUNDARIO DE MATERIA - TERMINO TEMATICO [R]
Término temático o nombre geográfico como elemento de entrada [NR] Imperialismo
Subdivisión de forma [R] Novela
9 (RLIN) 17199
650 04 - ASIENTO SECUNDARIO DE MATERIA - TERMINO TEMATICO [R]
Término temático o nombre geográfico como elemento de entrada [NR] Literatura africana
9 (RLIN) 18600
650 04 - ASIENTO SECUNDARIO DE MATERIA - TERMINO TEMATICO [R]
Término temático o nombre geográfico como elemento de entrada [NR] Novela sudafricana
9 (RLIN) 20577
690 ## - ASUNTO AGREGADO LOCAL DE ENTRADA - TÉRMINO TEMÁTICO (OCLC, RLIN)
Acceso temático local Literatura africana
700 1# - ASIENTO SECUNDARIO - NOMBRE PERSONAL [R]
Nombre personal [NR] Manella, Concha
Término de relación [R] traductor
9 (RLIN) 32722
700 1# - ASIENTO SECUNDARIO - NOMBRE PERSONAL [R]
Nombre personal [NR] Martinez, Victorio
Término de relación [R] traductor
9 (RLIN) 32723
765 ## - ASIENTO DE IDIOMA ORIGINAL [R]
Asiento principal [NR] Waiting for the Barbarians
942 ## - ELEMENTOS DE ENTRADA AGREGADOS (KOHA)
Tipo de ítem principal el descrito en 300a Libro
Tema principal Literatura
Edición 1
Parte restante de la signatura top. C673e
Sistema de clasificación DEWEY
Clasificación 823.914
Existencias
Fecha de último préstamo Total préstamos Total Renewals Signatura topográfica Código de barras Última vez visto Ejemplar Price effective from Tipo de ítem Perdido Sistema de clasificación Dañado No prestable Tipo de ítem específico Suprimido Ubicación habitual Ubicación actual Localización Fecha de creación Forma de adquisición Costo
22/10/2019 7 6 823.914 C673e 100110729 09/12/2025 Ej.2 03/02/2013 Libro   DEWEY     Libro   Claustro Claustro 2do piso 28/02/2010 Compra 24225.00